10 Maiores estados do Brasil por área - Statistics

Estatísticas Gerais
  • Esse quiz foi jogado 183 vezes
  • A pontuação média é 9 de 10
Estatísticas das Respostas
Hint Resposta % Correto
Minas Gerais
100%
Amazonas
99%
Pará
99%
Bahia
97%
Mato Grosso
97%
Mato Grosso do Sul
95%
Goiás
92%
Rio Grande do Sul
87%
10º Tocantins
87%
Maranhão
80%
Nenhum quiz correspondente encontrado
Distribuição das Pontuações
Porcentagem de Pessoas com Cada Pontuação
Percentil de Números Respondidos
Sua Pontuação Histórica
Você não jogou esse quiz